UBT Library

Prealgebra / (Record no. 42410)

000 -LEADER
fixed length control field 00838cam a22002534a 4500
001 - CONTROL NUMBER
control field 15312789
005 - DATE AND TIME OF LATEST TRANSACTION
control field 20180213082250.0
008 - FIXED-LENGTH DATA ELEMENTS--GENERAL INFORMATION
fixed length control field 080602s2010 mauab 001 0 eng
010 ## - LIBRARY OF CONGRESS CONTROL NUMBER
LC control number 2008024471
020 ## - INTERNATIONAL STANDARD BOOK NUMBER
International Standard Book Number 0321567927 (student edition)
020 ## - INTERNATIONAL STANDARD BOOK NUMBER
International Standard Book Number 9780321567925 (student edition)
020 ## - INTERNATIONAL STANDARD BOOK NUMBER
International Standard Book Number 9780321574725 (annotated instructor's edition)
020 ## - INTERNATIONAL STANDARD BOOK NUMBER
International Standard Book Number 0321574729 (annotated instructor's edition)
040 ## - CATALOGING SOURCE
Original cataloging agency DLC
Transcribing agency DLC
Modifying agency DLC
041 ## - LANGUAGE CODE
Language code of text/sound track or separate title eng
080 ## - UNIVERSAL DECIMAL CLASSIFICATION NUMBER
Universal Decimal Classification number 513.12 LIA
082 00 - DEWEY DECIMAL CLASSIFICATION NUMBER
Classification number 513.12 LIA
Edition number 22
100 1# - Rafti
Rafti 36
101 ## - Shkurtesa
Shkurtesa MAT
245 10 - TITLE STATEMENT
Title Prealgebra /
Statement of responsibility, etc Margaret L. Lial, Diana L. Hestwood.
906 ## - LOCAL DATA ELEMENT F, LDF (RLIN)
a 7
b cbc
c orignew
d 1
e ecip
f 20
g y-gencatlg
942 ## - ADDED ENTRY ELEMENTS (KOHA)
Source of classification or shelving scheme
Item type Books
Holdings
Withdrawn status Lost status Source of classification or shelving scheme Damaged status Not for loan Collection code Permanent location Current location Shelving location Date acquired Total Checkouts Full call number Barcode Date last seen Price effective from Koha item type
          Koleksioni i përgjithshem UBT - Lipjan UBT - Lipjan Koleksioni i përgjithshem 02/13/2018   513.12 LIA 002-2997330 02/13/2018 02/13/2018 Books
UBT Library © 2015-2024. All rights reserved University Education for Business and Technology